书目信息 |
| 题名: |
武术对练和对抗健身
|
|
| 作者: | 王建华 著 | |
| 分册: | ||
| 出版信息: | 北京 人民体育出版社 2006 |
|
| 页数: | 181页 | |
| 开本: | 21cm | |
| 丛书名: | ||
| 单 册: | ||
| 中图分类: | G852.3 | |
| 科图分类: | ||
| 主题词: | 武术--对练--中国 , 武术 , 对练 | |
| 电子资源: | ||
| ISBN: | 7-5009-3009-7 | |
| 000 | 00781nam0 2200253 450 | |
| 001 | 1238037921 | |
| 005 | 20121016103419.65 | |
| 010 | @a7-5009-3009-7@dCNY12.00 | |
| 100 | @a20060518d2006 em y0chiy50 ea | |
| 101 | 0 | @achi |
| 102 | @aCN@b110000 | |
| 105 | @aa z 000yy | |
| 200 | 1 | @a武术对练和对抗健身@Awu shu dui lian he dui kang jian shen@f王建华[等]著 |
| 210 | @a北京@c人民体育出版社@d2006 | |
| 215 | @a181页@c图@d21cm | |
| 304 | @a著者还有:李全生、高航、张洋 | |
| 330 | @a本书内容包括:武术对练套路篇、武术散手篇、太极推手篇、武术短兵篇、武术防身术篇等。 | |
| 606 | 0 | @a武术@x对练@y中国 |
| 606 | 0 | @a武术 |
| 606 | 0 | @a对练 |
| 690 | @aG852.3@v4 | |
| 701 | 0 | @a王建华@Awang jian hua@f(1956.8~)@4著 |
| 801 | 0 | @aCN@bNLC@c20101222 |
| 905 | @a10447@dG852.3@eJY312 | |
| 武术对练和对抗健身/王建华[等]著.-北京:人民体育出版社,2006 |
| 181页:图;21cm |
| ISBN 7-5009-3009-7:CNY12.00 |
| 本书内容包括:武术对练套路篇、武术散手篇、太极推手篇、武术短兵篇、武术防身术篇等。 |
| ● |
| 相关链接 |
|
|
|
|
正题名:武术对练和对抗健身
索取号:G852.3/JY312
 
预约/预借
| 序号 | 登录号 | 条形码 | 馆藏地/架位号 | 状态 | 备注 |
| 1 | 7828749 | 278287499 | 学院路分馆/ [索取号:G852.3/JY312] | 在馆 | |
| 2 | 7828750 | 278287505 | 学院路分馆/ [索取号:G852.3/JY312] | 在馆 | |
| 3 | 7828751 | 278287514 | 学院路分馆/ [索取号:G852.3/JY312] | 在馆 | |
| 4 | 7828752 | 278287523 | 学院路分馆/ [索取号:G852.3/JY312] | 在馆 |